Normal view
MARC view
- علامہ شبلی نعمانی رحمۃ اللہ علیہ
Entry Personal Name
001 - CONTROL NUMBER
- control field: 46799
003 - CONTROL NUMBER IDENTIFIER
- control field: NUST
005 - DATE AND TIME OF LATEST TRANSACTION
- control field: 20210314133624.0
008 - FIXED-LENGTH DATA ELEMENTS
- fixed length control field: 210314|| aca||aabn | a|a d
040 ## - CATALOGING SOURCE
- Original cataloging agency: NUST
- Transcribing agency: NUST
100 ## - HEADING--PERSONAL NAME
- Personal name: علامہ شبلی نعمانی رحمۃ اللہ علیہ
670 ## - SOURCE DATA FOUND
- Source citation: Work cat.: (NUST): علامہ شبلی نعمانی رحمۃ اللہ علیہ , سیرت النبی صلی اللہ علیہ وسلم از شبلی نعمانی سید سلیمان ندوی
